| 000 | 00679nam a22002292 4500 | ||
|---|---|---|---|
| 001 | 0000019009 | ||
| 005 | 20151217152143.0 | ||
| 008 | 100830s xx 000 0 eng d | ||
| 020 | _a0137152787 : | ||
| 040 |
_aKABU _cKABU |
||
| 100 | 1 |
_aBell, Arthur H. _@0000178538 |
|
| 245 | 1 | 0 |
_aDeveloping leadership abilities / _cArthur H. Bell, Dayle M. Smith. |
| 250 | _a2nd ed. | ||
| 260 |
_aBoston : _bPearson, _c2010. |
||
| 300 | _avi, 138 p. | ||
| 650 | 0 |
_aLeadership. _@0000150687 |
|
| 650 | 0 |
_aExecutive ability. _@0000150694 |
|
| 700 | 1 |
_aSmith, Dayle M. _@0000178539 |
|
| 852 | 1 | _9p2600 KES | |
| 908 | _a100830 | ||
| 950 | _@1 | ||
| 999 |
_c8760 _d8760 |
||